000 00592nam a2200193Ia 4500
008 131103s9999 xx 000 0 und d
020 _aSBN 416193501
040 _aLoreto College
041 _aEnglish
082 _a891.7/WES
_bLCLIB/24084
100 _aWest,James
245 _aRussian Symbolism
_b a study of Vyacheslav Ivanov and the Russian Symbolist Aesthetic
_cJames West
260 _aLondon
_bMethuen & Co.
_c1970
300 _avii,250 p.
_c 22 cm.
504 _aIncludes bibliographical references and index
650 _aRussian Literature
850 _aLCLIB
942 _cBK
999 _c13601
_d64080